|
|
|
|
| LEADER |
00956nab a2200169 i 4500 |
| 001 |
univ77297 |
| 005 |
20260423100514.0 |
| 008 |
260423s2026 hu o 000 hun d |
| 040 |
|
|
|a SZTE UnivHistória Repozitórium
|b hun
|
| 041 |
|
|
|a hun
|
| 100 |
1 |
|
|a Bod Péter
|
| 245 |
1 |
0 |
|a SZTE Állásbörze
|h [elektronikus dokumentum] :
|b 30 éves lett a Dél-Alföld legnagyobb fejvadász rendezvénye /
|c Bod Péter
|
| 260 |
|
|
|c 2026-04-21
|
| 490 |
0 |
|
|a Szeged.hu
|
| 561 |
|
|
|a Egyetemi hirarchívum
|
| 695 |
|
|
|a Rendezvény - SZTE Állásbörze - 30., Jubileum - 30 éves, József Attila Tanulmányi és Információs Központ - TIK, Együttműködés - cégek, Pályaválasztás - pályaorientáció, Álláskeresés, Munkaerőpiac, Dél-alföldi régió
|
| 856 |
4 |
0 |
|u http://univ.bibl.u-szeged.hu/77297/1/Szeged.hu%20-%20SZTE%20%C3%81ll%C3%A1sb%C3%B6rze_%2030%20%C3%A9ves%20lett%20a%20D%C3%A9l-Alf%C3%B6ld%20legnagyobb%20fejvad%C3%A1sz%20rendezv%C3%A9nye.pdf
|z Dokumentum-elérés
|